000 00397nam a22001697a 4500
005 20180326122342.0
008 160615b xxu||||| |||| 00| 0 eng d
020 _a81-7660-055-5
041 _aeng
082 _b7765
_a338.88
100 _aKalkarni, Prof M.U.
_91986
245 _aInternational Business Management
260 _bEPH
300 _a299
650 _aManagement
_9241
942 _cBK
999 _c2777
_d2776